| 000 | 01077nam a2200277 i 4500 | ||
|---|---|---|---|
| 001 | 92016 | ||
| 003 | ES-MaACL | ||
| 005 | 20250829063117.0 | ||
| 007 | t| | ||
| 008 | 050316s1994 sp ||||1| spa d | ||
| 020 | _a84-87169-59-7 | ||
| 080 | _a331.105.44(468.18)"1931/36" | ||
| 080 | _a308(468.18)"1931/36" | ||
| 100 | 1 |
_aGutiérrez Molina, José Luis. _961186 |
|
| 245 | 1 | 0 |
_aCrisis burguesa y unidad obrera _b: el sindicalismo en Cádiz durante la Segunda República / _cJosé Luis Gutiérrez Molina. |
| 260 |
_a[Madrid] : _bFundación de Estudios Libertarios Anselmo Lorenzo, _c[1994] |
||
| 300 |
_a492 p. ; _c21 cm. |
||
| 490 | 1 |
_aMadre tierra (Fundación de Estudios Libertarios Anselmo Lorenzo) _9242128 |
|
| 650 | 1 | 4 |
_aSindicalismo- _zCádiz- _y1931-1936. _917111 |
| 651 | 4 |
_aCádiz- _xSituación social- _y1931-1936. _97919 |
|
| 710 | 2 |
_aFundación Anselmo Lorenzo. _94216 |
|
| 830 | 0 |
_aMadre tierra (Fundación de Estudios Libertarios Anselmo Lorenzo) _9242128 |
|
| 852 |
_aES-MaACL _jE-10843 _bR.126867 |
||
| 942 | _2udc | ||
| 999 |
_c92016 _d92016 |
||